000 00519nam a2200181Ia 4500
003 GCL
008 140319s9999 xx 000 0 ara d
040 _aGCL /
_cGCL
082 0 4 _a813.008
_bع ب
100 1 _aعبدالرحمن ابوعوف
245 1 0 _aالبحث عن جديد (للقصة القصيرةالمصرية) /
_cعبدالرحمن ابوعوف
490 _aكتاب
_v0
650 0 4 _aالادب العربى
650 0 4 _aمصر
650 0 4 _aتاريخ
650 0 4 _aالادب
942 _2ddc
_cBK
999 _c42813
_d42813